|
|
|
|
| LEADER |
00000nam0a2200000 4500 |
| 001 |
366428 |
| 005 |
20231102011900.0 |
| 035 |
|
|
|a (RuTPU)RU\TPU\retro\23791
|
| 090 |
|
|
|a 366428
|
| 100 |
|
|
|a 20220208d1980 m y0rusy50 ca
|
| 101 |
0 |
|
|a rus
|
| 102 |
|
|
|a RU
|
| 105 |
|
|
|a a j 000zy
|
| 200 |
1 |
|
|a Задачи по физике для поступающих в вузы
|e учебное пособие для вузов
|f Г. А. Бендриков, Б. Б. Буховцев, В. В. Керженцев, Г. Я. Мякишев
|
| 205 |
|
|
|a 4-е изд., испр.
|
| 210 |
|
|
|a Москва
|c Наука
|d 1980
|
| 215 |
|
|
|a 384 с.
|c ил.
|
| 606 |
1 |
|
|a Физика
|2 stltpush
|3 (RuTPU)RU\TPU\subj\63709
|9 80688
|
| 610 |
1 |
|
|a задачи
|
| 610 |
1 |
|
|a учебные пособия
|
| 610 |
1 |
|
|a механика
|
| 610 |
1 |
|
|a теплота
|
| 610 |
1 |
|
|a молекулярная физика
|
| 610 |
1 |
|
|a электричество
|
| 610 |
1 |
|
|a магнетизм
|
| 610 |
1 |
|
|a постоянный электрический ток
|
| 610 |
1 |
|
|a оптика
|
| 675 |
|
|
|a 53(076)
|v 4
|
| 701 |
|
1 |
|a Бендриков
|b Г. А.
|g Георигий Авксентьевич
|
| 701 |
|
1 |
|a Буховцев
|b Б. Б.
|g Борис Борисович
|
| 701 |
|
1 |
|a Керженцев
|b В. В.
|g Василий Васильевич
|
| 701 |
|
1 |
|a Мякишев
|b Г. Я.
|g Геннадий Яковлевич
|
| 801 |
|
1 |
|a RU
|b 63413507
|c 20220208
|
| 942 |
|
|
|c BK
|